000 00479nam a22001697a 4500
003 NUST
005 20260427165001.0
008 260427b ||||| |||| 00| 0 eng d
020 _a978-969-8469-18-4
082 _a628.1
_bAKR
100 _aMuhammad Akram Kahlown.
_9134276
245 _aFifth Water Quality Monitoring Report 2005-06 /
_cMuhammad Akram Kahlown.
260 _aPakistan:
_bPCRWR,
_c2008.
300 _a289 p ;
_c35.00 cm
563 _apaperback
942 _2ddc
_cBK
999 _c617247
_d617247